LEADER 01399nam 2200385 a 450 001 9910700576703321 005 20110608122813.0 035 $a(CKB)5470000002410227 035 $a(OCoLC)729583407 035 $a(EXLCZ)995470000002410227 100 $a20110608d2011 ua 0 101 0 $aeng 135 $aurcn||||||||| 181 $ctxt$2rdacontent 182 $cc$2rdamedia 183 $acr$2rdacarrier 200 10$aResearch$b[electronic resource] $efederal rulemaking in FDsys 210 1$a[Washington, D.C.] :$cU.S. G.P.O.,$d[2011] 215 $a1 online resource (3 unnumbered pages) $cillustrations 300 $aTitle from PDF title screen (viewed June 8, 2011). 300 $a"FDsys, Federal Digital System, America's authentic government information." 300 $a"www.fdsys.gov." 517 $aResearch 606 $aAdministrative regulation drafting$zUnited States$xInformation services 606 $aAdministrative acts$zUnited States$xInformation services 606 $aAdministrative procedure$zUnited States$xInformation services 615 0$aAdministrative regulation drafting$xInformation services. 615 0$aAdministrative acts$xInformation services. 615 0$aAdministrative procedure$xInformation services. 801 0$bGPO 801 1$bGPO 906 $aBOOK 912 $a9910700576703321 996 $aResearch$92018810 997 $aUNINA LEADER 00969nam 2200253la 450 001 9910482046603321 005 20221102160125.0 035 $a(UK-CbPIL)2090324731 035 $a(CKB)5500000000087405 035 $a(EXLCZ)995500000000087405 100 $a20221102d1688 uy | 101 0 $adut 135 $aurcn||||a|bb| 200 10$aSchou-burg der rupsen, wormen, maden, en vliegende dierkens daar uit voorkomende./ Door eigen ondervindinge by een gebragt door Steph: Blankaart . 210 $aAmsterdam $cJan Claesz ten Hoorn, 1671-1715$d1688 215 $aOnline resource (8, 234 p, 8°) 300 $aReproduction of original in Koninklijke Bibliotheek, Nationale bibliotheek van Nederland. 700 $aBlankaart$b Steven$f1650-1702.$0796321 801 0$bUk-CbPIL 801 1$bUk-CbPIL 906 $aBOOK 912 $a9910482046603321 996 $aSchou-burg der rupsen, wormen, maden, en vliegende dierkens daar uit voorkomende$92068183 997 $aUNINA